000 00220nam a2200085Ia 4500
245 0 _aRumpelstiltskin
100 _a Cresswell, Helen London, 2004
_9102386
942 _cBK
008 210818s9999 xx 000 0 und d
999 _c445199
_d445198